Topological groups : Characters, Dualities, and Minimal Group Topologies

Saved in:
Bibliographic Details
Main Author: Dikranjan, Dikran N. 1950-
Other Authors: Prodanov, Ivan R., Stoyanov, Luchezar N. 1954-
Format: Book
Language:English
Published: New York : M. Dekker, c1990
Series:Monographs and textbooks in pure and applied mathematics ; ; 130
Subjects:
Tags: Add Tag
No Tags, Be the first to tag this record!

MARC

LEADER 00000cam a2200000 i 4500
001 1/52943
008 941103s1990 eng d
020 |a 0824780477 
035 |l 10044566 
035 |a 1993 
040 |a GR-MY-UA  |b gre  |e aacr 
041 0 |a eng 
082 0 |a 512.55 
100 1 |a Dikranjan, Dikran N.  |d 1950- 
245 1 0 |a Topological groups :  |b Characters, Dualities, and Minimal Group Topologies /  |c Dikran N. Dikranjan, Ivan R. Prodanov, Luchezar N. Stoyanov 
260 |a New York :   |b M. Dekker,   |c c1990 
300 |a x, 287 p.;  |c 24 cm 
490 1 |a Pure and Applied Mathematics: A series of monographs and textbooks  |v ; 130 
500 |a Includes index 
504 |a Bibliography: p. 273-283 
650 0 0 |a Topological groups. 
700 1 |a Prodanov, Ivan R. 
700 1 |a Stoyanov, Luchezar N.  |d 1954- 
830 0 |a Monographs and textbooks in pure and applied mathematics ;  |v ; 130 
852 |a INST  |b SAMOS  |e 19941103  |h 512.55 DIK  |p 005300007820  |q 005300007820  |t BK  |y 0 
909 |a Σ  |b 030333